Normal view
MARC view
Entry Personal Name
001 - CONTROL NUMBER
- control field: 650
003 - CONTROL NUMBER IDENTIFIER
- control field: OSt
005 - DATE AND TIME OF LATEST TRANSACTION
- control field: 20150704153752.0
008 - FIXED-LENGTH DATA ELEMENTS
- fixed length control field: 150704|| aca||aabn | a|a d
040 ## - CATALOGING SOURCE
- Original cataloging agency: OSt
- Transcribing agency: OSt
100 ## - HEADING--PERSONAL NAME
- Personal name: Gupta, Baldev Raj
670 ## - SOURCE DATA FOUND
- Source citation: Work cat.: (OSt)14757: Gupta, Baldev Raj, Mass Communication & Development, 1997









